| 000 | 00608nam a22001817a 4500 | ||
|---|---|---|---|
| 005 | 20230314010625.0 | ||
| 008 | 230313b |||||||| |||| 00| 0 eng d | ||
| 020 | _a971-685-738-2 | ||
| 082 | _aFil. 371.102 N322 2011 | ||
| 100 |
_aNavarro, Rosita L., _eauthor. |
||
| 245 |
_aResearch-based teaching and learning / _cRosita L. Navarro, Rosita G. Santos. |
||
| 260 |
_aManila : _bLorimar Publishing, _cc2011. |
||
| 300 |
_aviii, 94p. ; _bill. |
||
| 504 | _aIncludes bibliographical references. | ||
| 541 | _e4867 c.1, 4868 c.2, 4869 c.3, 4820 c.4 | ||
| 650 | _aTeaching | ||
| 700 |
_aSantos, Rosita G., _eauthor. |
||
| 999 |
_c1751 _d1751 |
||